Higher Education In India: (Record no. 186528)
[ view plain ]
| 000 -LEADER | |
|---|---|
| fixed length control field | 00633nam a22001817a 4500 |
| 005 - DATE AND TIME OF LATEST TRANSACTION | |
| control field | 20220308144841.0 |
| 010 ## - LCCN (DPL NO) | |
| LC control number | ENG-131884 |
| 020 ## - INTERNATIONAL STANDARD BOOK NUMBER | |
| International Standard Book Number | 978--81-947203-2-4 |
| Terms of availability | 599.00 |
| 035 ## - SYSTEM CONTROL NUMBER | |
| System control number | EN-115416 |
| 037 ## - SOURCE OF ACQUISITION | |
| Source of stock number/acquisition | DBAD/PUB |
| 082 ## - DEWEY DECIMAL CLASSIFICATION NUMBER | |
| Classification number | 378.54 |
| Item number | 1 |
| 245 ## - TITLE STATEMENT | |
| Title | Higher Education In India: |
| Remainder of title | Policies And Programmer/ |
| Statement of responsibility, etc | Bimal Charan Sain,and Sachidananda Mishra |
| 260 ## - PUBLICATION, DISTRIBUTION, ETC. (IMPRINT) | |
| Name of publisher, distributor, etc | Desh Vikas Publication |
| Place of publication, distribution, etc | Andhra Pradesh |
| Date of publication, distribution, etc | 2020 |
| 270 ## - ADDRESS | |
| Address | D.No.1-43-19 |
| City | Andhra Pradesh |
| Electronic mail address | deshvikaspublication@gmail.com |
| 300 ## - PHYSICAL DESCRIPTION | |
| Extent | vi,222p. |
| Dimensions | 25cm(hbk) |
| 700 ## - ADDED ENTRY--PERSONAL NAME | |
| Personal name | Swain,Bimal Charan |
| Numeration | Mishra,Sachidananda |
| 942 ## - ADDED ENTRY ELEMENTS (KOHA) | |
| Source of classification or shelving scheme | Dewey Decimal Classification |
| Item type | English Books |
| Classification part | 378.54 |
| Call number suffix | SWA |
| Withdrawn status | Lost status | Not for loan | Collection code | Home library | Current library | Date acquired | Source of acquisition | Cost, normal purchase price | Full call number | Barcode | Copy number | Cost, replacement price | Koha item type |
|---|---|---|---|---|---|---|---|---|---|---|---|---|---|
| Non-fiction | Bawana | Bawana | 08/03/2022 | DBAD/PUB | 599.00 | 378.54 HIG | EN-115416 | 1 | 599.00 | English Books |
